| 000 | 01333 a2200253 4500 | ||
|---|---|---|---|
| 999 |
_c7086 _d7086 |
||
| 005 | 20181224131459.0 | ||
| 008 | 080912t xxu||||| |||| 00| 0 hin d | ||
| 010 | _aHIN-80794 B-284096 | ||
| 020 |
_a8189462644 _c225.00 |
||
| 035 | _aHN-53140 B-284096, B-245339, B-245355 | ||
| 037 | _bD.B.Act / ven | ||
| 082 | _aक | ||
| 245 |
_aगाइ दि मापासां की सर्वश्रेष्ठ कहानियां _cअनुवादक नरेश किंगर |
||
| 246 |
_aGai the Mopansa ki sarvshesth kahaniyan _btranslated by Naresh Kinger |
||
| 260 |
_bन्यू साधना पाकेट बुक्स _c2007 _aजयपुर |
||
| 260 |
_aजयपुर _bअपोलो प्रकाशन(वितरक) |
||
| 270 | _aन्यू साधना पाकेट बुक्स | ||
| 270 |
_a25, सिद्धेश्वरी महादेव मंदिर के पीछे, पिंकसिटी मार्केट, राजापार्क _bजयपुर |
||
| 300 |
_a206पृ _c22 सेमी (सजिल्द) |
||
| 650 | _aहिन्दी कहानियाँ | ||
| 650 | _aHindi Stories | ||
| 700 | _aकिंगर, नरेश | ||
| 942 |
_adpl _cHN _kक / गाइदि _2ddc _hक _mगाइदि |
||